| 000 | 00962nam a22003017a 4500 | ||
|---|---|---|---|
| 001 | 5888 | ||
| 003 | FISKH | ||
| 005 | 20250130113210.0 | ||
| 008 | 250130b cb ||||| |||| 00| 0 eng d | ||
| 020 | _a0439083281 | ||
| 040 |
_aFISKH _beng _cFISKH _dFISKH |
||
| 050 | _aQA465 .L44 | ||
| 082 | _a530.8 | ||
| 100 |
_aLeedy, Loreen _d(1959-) |
||
| 245 |
_aMeasuring Penny / _cwritten and illustrated by Loreen Leedy |
||
| 250 | _aFirst printing in 1999 | ||
| 260 |
_aNew York : _bScholastic, _c1999. |
||
| 300 |
_a30 pages : _bcolor illustrations ; _c28 cm |
||
| 505 | _aN | ||
| 520 | _aLisa learns about the mathematics of measuring by measuring her dog Penny with all sorts of units, including pounds, inches, dog biscuits, and cotton swabs. | ||
| 521 | 8 |
_a560
_bLexile |
|
| 521 | 8 |
_aN
_bRaz-Plus |
|
| 650 |
_2Measuring _aMath |
||
| 650 |
_2Pets _aInformational |
||
| 700 |
_aLeedy, Loreen _dillustrator |
||
| 942 |
_2ddc _cBK _n0 |
||
| 999 |
_c5888 _d5888 |
||